|
|
|
|
| LEADER |
01403cam a2200337 a 4500 |
| 001 |
c000224305 |
| 003 |
CARM |
| 005 |
20061009125959.0 |
| 008 |
940621s1994 coua b 000 0 eng d |
| 010 |
|
|
|a 94060960
|
| 019 |
1 |
|
|a 13258888
|5 LACONCORD2021
|
| 020 |
|
|
|a 0918334845
|
| 035 |
|
|
|a (OCoLC)32048968
|5 LACONCORD2021
|
| 040 |
|
|
|a LC
|b eng
|c LC
|
| 042 |
|
|
|a lccopycat
|
| 050 |
0 |
0 |
|a GB1199
|b .K37 1994
|
| 082 |
0 |
0 |
|a 551.49/01/5118
|2 21
|
| 100 |
1 |
|
|a Kasenow, Michael.
|
| 245 |
1 |
0 |
|a Leaky confined aquifers and the Hantush inflection point :
|b review, application and computer program /
|c by Michael Kasenow and Paul Pare.
|
| 260 |
|
|
|a [Highlands Ranch, Colo.] :
|b Water Resources Publications,
|c [1994].
|
| 300 |
|
|
|a 1 v. (various pagings) :
|b ill. ;
|c 24 cm. +
|e 1 computer disk (3 1/2 in.)
|
| 504 |
|
|
|a Includes bibliographical references (p. 31-32)
|
| 538 |
|
|
|a System requirements for computer disk: IBM-compatible PC; 640K RAM
|
| 650 |
|
0 |
|a Aquifers
|x Mathematical models.
|
| 650 |
|
0 |
|a Aquifers
|x Computer programs.
|
| 650 |
|
0 |
|a Hydrogeology
|x Mathematical models.
|
| 650 |
|
0 |
|a Hydrogeology
|x Computer programs.
|
| 700 |
1 |
|
|a Pare, Paul.
|
| 852 |
8 |
|
|b CARM
|h A2:AN10G0
|i C08360
|p 0314717
|f BK
|
| 999 |
f |
f |
|i 2adff7a4-ec9d-5934-aac9-75459038e6ca
|s 573409b8-cc44-5a18-8a08-d6b5bfc9a24a
|
| 952 |
f |
f |
|p Can circulate
|a CAVAL
|b CAVAL
|c CAVAL
|d CARM 1 Store
|e C08360
|f A2:AN10G0
|h Other scheme
|i book
|j Book only
|m 0314717
|